000 00467nam a2200205Ia 4500
008 240510s9999 xx 000 0 und d
020 _a9788173198366
041 _aEng
082 _a004.0151
082 _bR51
100 _aROBBINS , N.
245 0 _aBeginning Number Theory
250 _a2nd ed.
260 _bNew Delhi;Narosa Publishing House
260 _c2006
300 _a338 p.
650 _acomputer mathematics
942 _2ddc
942 _cLBK
999 _c28776
_d28776
945 _a1
_bMadushi Gamage
_c1
_dMadushi Gamage